| 000 | 00674nam a22001937a 4500 | ||
|---|---|---|---|
| 003 | NUST-PNEC | ||
| 005 | 20170116180722.0 | ||
| 008 | 141028b xxu||||| |||| 00| 0 eng d | ||
| 020 | _a0080221580 | ||
| 040 | _cPNEC | ||
| 082 | _a620.110321 BEV | ||
| 100 |
_9850 _aBever Michael B. |
||
| 245 |
_aEncyclopedia of materials science and engineering Volume 5, O - Q _cMichael B. Bever |
||
| 260 |
_aOxford : _bPergamon, _cc.1986. |
||
| 300 |
_aVI S., S. 3275 - 4011 _bIll., graph. Darst _c25 cm. |
||
| 500 | _ahttps://www.worldcat.org/title/encyclopedia-of-materials-science-and-engineering-vol-4-j-n/oclc/721519044&referer=brief_results | ||
| 650 | _xME | ||
| 942 |
_2ddc _cBK |
||
| 999 |
_c61442 _d61442 |
||